Deväť rokov transformácie
Za uplynulých deväť rokov sa na Slovensku vystriedalo šesť vlád a uplatnili sa štyri odlišné postupy transformácie hospodárstva. Stručná charakteristika a výsledky transformačných politík. Omyly v transformácii hospodárstva Slovenska. Absencia infraštruktúry trhového systému. Základné makroekonomick...
Guardado en:
| Autor principal: | |
|---|---|
| Formato: | Capítulo de libro |
| Lenguaje: | eslovaco |
| Materias: | |
| Etiquetas: |
Sin Etiquetas, Sea el primero en etiquetar este registro!
|
MARC
| LEADER | 00000naa a2200000 4500 | ||
|---|---|---|---|
| 001 | r036414 | ||
| 005 | 20230919123217.4 | ||
| 041 | 0 | |a slo | |
| 044 | |a SK | ||
| 245 | 1 | 0 | |a Deväť rokov transformácie |c Jozef Dančo |
| 520 | |a Za uplynulých deväť rokov sa na Slovensku vystriedalo šesť vlád a uplatnili sa štyri odlišné postupy transformácie hospodárstva. Stručná charakteristika a výsledky transformačných politík. Omyly v transformácii hospodárstva Slovenska. Absencia infraštruktúry trhového systému. Základné makroekonomické ukazovatele Slovenska. | ||
| 610 | 2 | 0 | |a transformácia |
| 610 | 2 | 0 | |a situácia hospodárska |
| 610 | 2 | 0 | |a politika hospodárska |
| 610 | 2 | 0 | |a privatizácia |
| 610 | 2 | 0 | |a podnikanie |
| 610 | 2 | 0 | |a hospodárstvo trhové |
| 610 | 2 | 0 | |a ukazovatele makroekonomické |
| 610 | 2 | 0 | |a politika |
| 610 | 2 | 0 | |a Slovensko |
| 100 | 1 | |a Dančo, Jozef | |